| 000 | 00503nam a2200169 a 4500 | ||
|---|---|---|---|
| 005 | 20140310183255.0 | ||
| 008 | 041023s19uu xx 00 eng d | ||
| 050 |
_aRM 219 _b.B219 2003 |
||
| 100 | _aBansal, Sunita Pant | ||
| 245 |
_aDiet in diseases : _btherapeutic foods that cure & prevent diseases / |
||
| 260 |
_aNew Delhi : _bPustak Mahal, _c2003. |
||
| 300 |
_a102 p. : _bill. ; _c21 cm. |
||
| 521 | _aNUR | ||
| 650 | _aNutritionally induced diseases. | ||
| 942 |
_cBK _2lcc _kFOR |
||
| 999 |
_c20845 _d20845 |
||